000
00307nam a22001217a 4500
008
180914b xxu||||| |||| 00| 0 eng d
041
_a
eng
080
_a
821
100
_a
22
101
_a
FJA
245
_a
The American Heritage Dictionary Of The English Language
_c
Moris.W
942
_2
udc
_c
BK
999
_c
47747
_d
47747